00535nam a2200133Ia 4500008004100000100002300041245009000064245009800154260005300252260000900305300001100314650001500325856006100340170221s9999 xx 000 0 und d aAleksei V. Bogoviz aServices Infrastructure Forming in the Process of Transport Logistics Stock Movement  cAleksei V. Bogoviz, Yulia V. Ragulina, Svetlana V. Lobova, Boris M. Zhukov, Olga M. Stepanova bInternational Review of Management and Marketing c2016 a6 : 6S xMarketing. uhttp://www.econjournals.com/index.php/irmm/issue/view/86